[Event "40th Individual Greek Women's Championship"]
[Site "?"]
[Date "2018.01.07"]
[Round "6.3"]
[White "Markantonaki, Haritomeni"]
[Black "Pavlidou, Ekaterini"]
[Result "0-1"]
[BlackElo "2196"]
[WhiteElo "2190"]
[LiveChessVersion "1.4.8"]

1. e4 {[%clk 1:30:55]} e5 {[%clk 1:30:14]} 2. Nf3 {[%clk 1:31:14]} d6
{[%clk 1:30:09]} 3. d4 {[%clk 1:31:01]} exd4 {[%clk 1:30:23]} 4. Qxd4
{[%clk 1:29:53]} a6 {[%clk 1:30:04]} 5. Nc3 {[%clk 1:25:48]} Nc6 {[%clk 1:29:32]}
6. Qd1 {[%clk 1:26:14]} Nf6 {[%clk 1:27:33]} 7. a4 {[%clk 1:23:13]} Be7
{[%clk 1:26:51]} 8. Bc4 {[%clk 1:23:16]} O-O {[%clk 1:25:35]} 9. O-O
{[%clk 1:23:36]} Bg4 {[%clk 1:14:49]} 10. h3 {[%clk 1:18:51]} Bh5
{[%clk 1:10:19]} 11. Bf4 {[%clk 1:13:48]} Qd7 {[%clk 1:02:55]} 12. Re1
{[%clk 1:11:31]} Rae8 {[%clk 0:57:29]} 13. Rb1 {[%clk 1:03:10]} Nb4
{[%clk 0:48:06]} 14. Bb3 {[%clk 0:59:02]} Bd8 {[%clk 0:45:20]} 15. a5
{[%clk 0:56:23]} h6 {[%clk 0:38:05]} 16. Ba4 {[%clk 0:52:32]} Nc6
{[%clk 0:38:29]} 17. b4 {[%clk 0:47:10]} Qc8 {[%clk 0:30:32]} 18. Qd3
{[%clk 0:41:38]} Nd7 {[%clk 0:25:59]} 19. Nd5 {[%clk 0:33:37]} Bg6
{[%clk 0:24:01]} 20. Qc4 {[%clk 0:29:35]} Nce5 {[%clk 0:18:11]} 21. Bxe5
{[%clk 0:27:18]} dxe5 {[%clk 0:18:04]} 22. c3 {[%clk 0:22:05]} c6
{[%clk 0:18:11]} 23. Ne3 {[%clk 0:22:30]} Nf6 {[%clk 0:17:58]} 24. Bc2
{[%clk 0:22:34]} Nh5 {[%clk 0:17:10]} 25. Nf5 {[%clk 0:22:06]} Bc7
{[%clk 0:17:15]} 26. Rbd1 {[%clk 0:21:06]} Bxf5 {[%clk 0:15:03]} 27. exf5
{[%clk 0:21:30]} Nf6 {[%clk 0:15:20]} 28. Re2 {[%clk 0:17:01]} Nd5
{[%clk 0:12:21]} 29. g3 {[%clk 0:17:18]} Re7 {[%clk 0:11:17]} 30. Rde1
{[%clk 0:15:21]} Rfe8 {[%clk 0:11:43]} 31. Nd2 {[%clk 0:14:21]} Kh8
{[%clk 0:09:56]} 32. Nb3 {[%clk 0:13:48]} Bd6 {[%clk 0:09:08]} 33. Nc5
{[%clk 0:11:39]} Bxc5 {[%clk 0:08:03]} 34. Qxc5 {[%clk 0:12:05]} Qc7
{[%clk 0:07:38]} 35. Kg2 {[%clk 0:09:12]} Nf6 {[%clk 0:04:42]} 36. Be4
{[%clk 0:07:06]} Rd7 {[%clk 0:04:04]} 37. Bf3 {[%clk 0:05:55]} Rde7
{[%clk 0:04:30]} 38. Qc4 {[%clk 0:05:44]} Qc8 {[%clk 0:03:58]} 39. Be4
{[%clk 0:03:20]} Rd8 {[%clk 0:03:29]} 40. Bc2 {[%clk 0:32:30]} Rde8
{[%clk 0:32:49]} 41. f3 {[%clk 0:26:19]} Qc7 {[%clk 0:30:43]} 42. Qc5
{[%clk 0:25:17]} Nd7 {[%clk 0:30:13]} 43. Qf2 {[%clk 0:21:50]} Nf6
{[%clk 0:28:10]} 44. h4 {[%clk 0:20:34]} Qd6 {[%clk 0:24:49]} 45. Rd2
{[%clk 0:19:18]} Qc7 {[%clk 0:25:04]} 46. c4 {[%clk 0:15:59]} e4 {[%clk 0:21:32]}
47. fxe4 {[%clk 0:14:49]} Nxe4 {[%clk 0:21:47]} 48. Bxe4 {[%clk 0:14:52]} Rxe4
{[%clk 0:22:10]} 49. Rxe4 {[%clk 0:15:19]} Rxe4 {[%clk 0:22:32]} 50. Qc5
{[%clk 0:13:56]} Kh7 {[%clk 0:20:21]} 51. f6 {[%clk 0:11:49]} Qc8
{[%clk 0:18:18]} 52. Qd6 {[%clk 0:07:22]} Qg4 {[%clk 0:15:50]} 53. Qd3
{[%clk 0:06:49]} gxf6 {[%clk 0:15:16]} 54. Rf2 {[%clk 0:05:22]} Kg7
{[%clk 0:14:16]} 55. Qd6 {[%clk 0:03:51]} Qe6 {[%clk 0:13:59]} 56. Qc7
{[%clk 0:04:16]} Rxc4 {[%clk 0:13:45]} 57. Qxb7 {[%clk 0:04:26]} Qe4+
{[%clk 0:09:56]} 58. Kh3 {[%clk 0:02:41]} Qh1+ {[%clk 0:10:17]} 59. Rh2
{[%clk 0:03:07]} Qf1+ {[%clk 0:10:40]} 60. Rg2 {[%clk 0:03:33]} Rc2
{[%clk 0:11:00]} 0-1

[Event "40th Individual Greek Women's Championship"]
[Site "?"]
[Date "2018.01.07"]
[Round "6.4"]
[White "Drakaki, Anna-Maria"]
[Black "Nikolaidou, Eleni"]
[Result "1-0"]
[BlackElo "1734"]
[WhiteElo "1900"]
[LiveChessVersion "1.4.8"]

1. e4 {[%clk 1:30:57]} c6 {[%clk 1:30:54]} 2. d4 {[%clk 1:31:21]} d5
{[%clk 1:31:15]} 3. e5 {[%clk 1:31:48]} Bf5 {[%clk 1:31:35]} 4. Nc3
{[%clk 1:32:09]} e6 {[%clk 1:31:50]} 5. g4 {[%clk 1:32:35]} Bg6 {[%clk 1:32:06]}
6. Nge2 {[%clk 1:33:02]} c5 {[%clk 1:30:46]} 7. Be3 {[%clk 1:29:44]} a6
{[%clk 1:21:09]} 8. f4 {[%clk 1:20:44]} cxd4 {[%clk 1:17:38]} 9. Nxd4
{[%clk 1:16:59]} Bb4 {[%clk 1:10:42]} 10. f5 {[%clk 1:13:35]} exf5
{[%clk 1:11:03]} 11. gxf5 {[%clk 1:14:00]} Qh4+ {[%clk 1:09:03]} 12. Kd2
{[%clk 1:07:27]} Bh5 {[%clk 1:07:28]} 13. Be2 {[%clk 1:07:42]} Bxe2
{[%clk 1:07:30]} 14. Qxe2 {[%clk 1:08:05]} Nc6 {[%clk 0:55:24]} 15. Nxc6
{[%clk 1:04:58]} bxc6 {[%clk 0:55:47]} 16. a3 {[%clk 0:57:20]} Ba5
{[%clk 0:45:02]} 17. Qf3 {[%clk 0:36:56]} Rc8 {[%clk 0:23:30]} 18. b4
{[%clk 0:36:06]} Bd8 {[%clk 0:23:39]} 19. Qg3 {[%clk 0:29:06]} d4
{[%clk 0:13:39]} 20. Qxg7 {[%clk 0:29:27]} dxe3+ {[%clk 0:13:39]} 21. Kc1
{[%clk 0:29:15]} Bf6 {[%clk 0:05:37]} 22. exf6 {[%clk 0:29:39]} Qxf6
{[%clk 0:06:01]} 23. Qxf6 {[%clk 0:29:57]} Nxf6 {[%clk 0:06:24]} 24. Re1
{[%clk 0:30:09]} Kd7 {[%clk 0:05:38]} 25. Rxe3 {[%clk 0:29:51]} Rhe8
{[%clk 0:04:49]} 26. Kd2 {[%clk 0:23:24]} Rxe3 {[%clk 0:03:40]} 27. Kxe3
{[%clk 0:23:48]} Rg8 {[%clk 0:01:53]} 28. Rd1+ {[%clk 0:18:48]} Kc7
{[%clk 0:02:15]} 29. Rd2 {[%clk 0:10:46]} Rg5 {[%clk 0:02:34]} 30. Ne4
{[%clk 0:07:18]} Rxf5 {[%clk 0:02:47]} 31. Nc5 {[%clk 0:07:02]} Nd5+
{[%clk 0:01:47]} 32. Ke4 {[%clk 0:06:10]} Rf4+ {[%clk 0:01:46]} 33. Ke5
{[%clk 0:06:16]} Rf3 {[%clk 0:01:08]} 34. Rd3 {[%clk 0:01:06]} Rf2
{[%clk 0:01:11]} 35. c4 {[%clk 0:01:11]} Re2+ {[%clk 0:00:59]} 36. Kd4
{[%clk 0:00:55]} Nf4 {[%clk 0:01:05]} 37. Rf3 {[%clk 0:00:42]} Ne6+
{[%clk 0:00:40]} 38. Nxe6+ {[%clk 0:01:07]} fxe6 {[%clk 0:01:01]} 39. Rf7+
{[%clk 0:01:33]} Kc8 {[%clk 0:00:48]} 40. Rxh7 {[%clk 0:31:46]} e5+
{[%clk 0:31:01]} 41. Kc5 {[%clk 0:31:26]} e4 {[%clk 0:31:14]} 42. Kxc6
{[%clk 0:29:00]} Kd8 {[%clk 0:31:40]} 43. c5 {[%clk 0:28:04]} e3 {[%clk 0:31:55]}
44. Rh3 {[%clk 0:26:15]} Re1 {[%clk 0:31:56]} 45. Kb7 {[%clk 0:26:34]} e2
{[%clk 0:32:14]} 46. Re3 {[%clk 0:26:57]} Ra1 {[%clk 0:32:03]} 47. c6
{[%clk 0:26:26]} 1-0

[Event "40th Individual Greek Women's Championship"]
[Site "?"]
[Date "2018.01.07"]
[Round "6.5"]
[White "Georgitsi, Antigoni"]
[Black "Makka, Ioulia"]
[Result "0-1"]
[BlackElo "2167"]
[WhiteElo "1804"]
[LiveChessVersion "1.4.8"]

1. c4 {[%clk 1:30:57]} e5 {[%clk 1:28:58]} 2. g3 {[%clk 1:31:16]} Nc6
{[%clk 1:28:48]} 3. Bg2 {[%clk 1:31:30]} d6 {[%clk 1:28:43]} 4. Nc3
{[%clk 1:30:27]} Be6 {[%clk 1:27:30]} 5. d3 {[%clk 1:26:22]} g6 {[%clk 1:25:30]}
6. e3 {[%clk 1:26:13]} Bg7 {[%clk 1:25:16]} 7. Nge2 {[%clk 1:26:18]} Qd7
{[%clk 1:23:04]} 8. O-O {[%clk 1:23:52]} Bh3 {[%clk 1:13:00]} 9. Nd5
{[%clk 1:22:13]} O-O-O {[%clk 1:04:20]} 10. Nec3 {[%clk 1:12:49]} Nce7
{[%clk 0:47:29]} 11. Qf3 {[%clk 1:04:16]} Bxg2 {[%clk 0:38:19]} 12. Qxg2
{[%clk 1:02:06]} c6 {[%clk 0:36:31]} 13. Nxe7+ {[%clk 1:00:22]} Nxe7
{[%clk 0:36:53]} 14. e4 {[%clk 0:58:56]} Kb8 {[%clk 0:35:10]} 15. b4
{[%clk 0:53:08]} d5 {[%clk 0:30:13]} 16. cxd5 {[%clk 0:35:37]} cxd5
{[%clk 0:30:34]} 17. Bb2 {[%clk 0:32:52]} d4 {[%clk 0:29:45]} 18. Ne2
{[%clk 0:31:37]} Rc8 {[%clk 0:25:53]} 19. Rfc1 {[%clk 0:28:22]} Qa4
{[%clk 0:21:05]} 20. Qf1 {[%clk 0:19:35]} Rxc1 {[%clk 0:12:22]} 21. Rxc1
{[%clk 0:16:26]} Qxa2 {[%clk 0:10:00]} 22. Ba1 {[%clk 0:12:28]} Qb3
{[%clk 0:05:46]} 23. Qd1 {[%clk 0:10:10]} Qxd1+ {[%clk 0:04:59]} 24. Rxd1
{[%clk 0:10:33]} Rc8 {[%clk 0:03:55]} 25. Rc1 {[%clk 0:08:33]} Rxc1+
{[%clk 0:03:09]} 26. Nxc1 {[%clk 0:08:55]} Nc6 {[%clk 0:02:17]} 27. b5
{[%clk 0:08:25]} Na5 {[%clk 0:02:08]} 28. f4 {[%clk 0:06:59]} f6 {[%clk 0:02:27]}
29. b6 {[%clk 0:05:59]} axb6 {[%clk 0:01:20]} 30. Bb2 {[%clk 0:05:48]} Bf8
{[%clk 0:01:30]} 31. Kf2 {[%clk 0:05:38]} Kc7 {[%clk 0:01:28]} 32. Ke2
{[%clk 0:05:16]} Kc6 {[%clk 0:01:28]} 33. Kd1 {[%clk 0:05:28]} Kb5
{[%clk 0:01:06]} 34. Kc2 {[%clk 0:04:29]} Ka4 {[%clk 0:01:11]} 35. h3
{[%clk 0:03:07]} b5 {[%clk 0:00:58]} 36. Ne2 {[%clk 0:02:51]} Ba3
{[%clk 0:00:44]} 37. fxe5 {[%clk 0:02:43]} fxe5 {[%clk 0:01:06]} 38. Ng1
{[%clk 0:01:22]} b4 39. Nf3 {[%clk 0:01:06]} b3+ {[%clk 0:00:53]} 40. Kb1
{[%clk 0:31:05]} Nc6 {[%clk 0:30:58]} 41. g4 {[%clk 0:29:47]} Bd6
{[%clk 0:29:55]} 42. Bc1 {[%clk 0:28:59]} Nb4 {[%clk 0:29:34]} 43. Ne1
{[%clk 0:23:18]} Na2 {[%clk 0:28:54]} 44. Bb2 {[%clk 0:21:28]} Nc3+
{[%clk 0:28:11]} 45. Kc1 {[%clk 0:20:45]} Ne2+ {[%clk 0:22:14]} 46. Kb1
{[%clk 0:20:26]} Nf4 {[%clk 0:22:24]} 47. h4 {[%clk 0:19:45]} Bb4
{[%clk 0:22:18]} 48. Nf3 {[%clk 0:20:06]} Nxd3 {[%clk 0:22:18]} 0-1

[Event "40th Individual Greek Women's Championship"]
[Site "?"]
[Date "2018.01.08"]
[Round "7.2"]
[White "Nikolaidou, Eleni"]
[Black "Georgitsi, Antigoni"]
[Result "1-0"]
[BlackElo "1804"]
[WhiteElo "1734"]
[LiveChessVersion "1.4.8"]

1. d4 {[%clk 1:30:44]} Nf6 {[%clk 1:30:54]} 2. Nf3 {[%clk 1:31:08]} e6
{[%clk 1:31:18]} 3. Bf4 {[%clk 1:30:05]} c5 {[%clk 1:30:34]} 4. e3
{[%clk 1:30:28]} Nc6 {[%clk 1:28:33]} 5. c3 {[%clk 1:30:49]} d5 {[%clk 1:27:07]}
6. Bd3 {[%clk 1:31:10]} Bd6 {[%clk 1:24:47]} 7. Bxd6 {[%clk 1:31:17]} Qxd6
{[%clk 1:25:06]} 8. Nbd2 {[%clk 1:30:37]} O-O {[%clk 1:19:57]} 9. O-O
{[%clk 1:31:00]} e5 {[%clk 1:17:03]} 10. dxe5 {[%clk 1:31:16]} Nxe5
{[%clk 1:17:20]} 11. Nxe5 {[%clk 1:30:35]} Qxe5 {[%clk 1:17:38]} 12. Qf3
{[%clk 1:17:29]} Bg4 {[%clk 1:12:52]} 13. Qg3 {[%clk 1:17:29]} Qxg3
{[%clk 1:10:34]} 14. hxg3 {[%clk 1:17:51]} Rad8 {[%clk 1:08:36]} 15. f3
{[%clk 1:01:22]} Bc8 {[%clk 1:05:21]} 16. Kf2 {[%clk 0:58:41]} Ne4+
{[%clk 0:53:06]} 17. Bxe4 {[%clk 0:56:57]} dxe4 18. Rfd1 {[%clk 0:49:05]} exf3
{[%clk 0:45:50]} 19. gxf3 {[%clk 0:49:16]} f5 {[%clk 0:44:00]} 20. Nc4
{[%clk 0:46:20]} Be6 21. Nd6 {[%clk 0:27:54]} Rd7 {[%clk 0:34:47]} 22. e4
{[%clk 0:21:47]} fxe4 {[%clk 0:33:31]} 23. Nxe4 {[%clk 0:22:08]} Rxd1
{[%clk 0:30:15]} 24. Rxd1 {[%clk 0:22:30]} Bg4 {[%clk 0:27:33]} 25. Rd3
{[%clk 0:22:10]} b6 {[%clk 0:22:39]} 26. b3 {[%clk 0:13:01]} Bf5 {[%clk 0:19:52]}
27. Ke3 {[%clk 0:11:22]} Re8 {[%clk 0:17:41]} 28. Rd5 {[%clk 0:06:54]} Be6
{[%clk 0:13:36]} 29. Re5 {[%clk 0:05:51]} Bf7 {[%clk 0:11:10]} 30. Rxe8+
{[%clk 0:06:14]} Bxe8 {[%clk 0:11:36]} 31. Nd6 {[%clk 0:05:20]} Bd7
{[%clk 0:09:44]} 32. f4 {[%clk 0:03:39]} Kf8 {[%clk 0:07:15]} 33. Ke4
{[%clk 0:03:57]} Ke7 {[%clk 0:02:17]} 34. Ke5 {[%clk 0:03:51]} g6
{[%clk 0:02:17]} 35. a3 {[%clk 0:01:56]} Be6 {[%clk 0:01:16]} 36. b4
{[%clk 0:02:00]} cxb4 {[%clk 0:01:06]} 37. cxb4 {[%clk 0:02:08]} Bd7
{[%clk 0:00:47]} 38. Ne4 {[%clk 0:01:30]} Be6 {[%clk 0:00:48]} 39. Ng5
{[%clk 0:01:12]} Bg8 {[%clk 0:00:49]} 40. Ne4 {[%clk 0:31:10]} Be6
{[%clk 0:31:12]} 41. Ng5 {[%clk 0:18:34]} Bg8 {[%clk 0:31:36]} 42. g4
{[%clk 0:18:43]} h6 {[%clk 0:18:46]} 43. Nf3 {[%clk 0:18:30]} Bb3
{[%clk 0:12:37]} 44. Nh4 {[%clk 0:16:53]} Bd1 {[%clk 0:08:41]} 45. g5
{[%clk 0:14:50]} hxg5 {[%clk 0:07:49]} 46. fxg5 {[%clk 0:15:08]} Bc2
{[%clk 0:07:13]} 47. Nf3 {[%clk 0:14:32]} Ba4 {[%clk 0:04:30]} 48. Nd4
{[%clk 0:11:58]} a6 {[%clk 0:02:27]} 49. Ne6 {[%clk 0:10:08]} Be8
{[%clk 0:00:33]} 50. Nc7 {[%clk 0:09:40]} Bc6 {[%clk 8:00:38]} 51. Nxa6
{[%clk 0:06:56]} b5 {[%clk 0:00:54]} 52. Nc5 {[%clk 0:06:33]} Bf3
{[%clk 0:00:38]} 53. a4 {[%clk 0:05:58]} bxa4 {[%clk 0:00:46]} 54. Nxa4
{[%clk 0:06:22]} Kd7 {[%clk 0:00:50]} 55. Kf6 {[%clk 0:06:27]} Bh5 56. Nc5+
{[%clk 0:05:34]} Kc6 {[%clk 0:01:02]} 57. Ne6 {[%clk 0:03:37]} Kb5
{[%clk 0:00:37]} 58. Nf4 {[%clk 0:03:55]} Bd1 {[%clk 0:00:43]} 59. Nxg6
{[%clk 0:03:04]} Kxb4 {[%clk 0:00:51]} 60. Ne7 {[%clk 0:02:19]} Kc5
{[%clk 0:00:51]} 61. g6 {[%clk 0:02:35]} Bb3 {[%clk 0:00:35]} 62. Nf5
{[%clk 0:02:38]} Kc6 {[%clk 0:00:34]} 63. Nd4+ {[%clk 0:02:28]} 1-0

[Event "40th Individual Greek Women's Championship"]
[Site "?"]
[Date "2018.01.08"]
[Round "7.3"]
[White "Pavlidou, Ekaterini"]
[Black "Drakaki, Anna-Maria"]
[Result "1-0"]
[BlackElo "1900"]
[WhiteElo "2196"]
[LiveChessVersion "1.4.8"]

1. d4 {[%clk 1:30:42]} d6 {[%clk 1:30:54]} 2. e4 {[%clk 1:27:37]} Nf6
{[%clk 1:30:56]} 3. Nc3 {[%clk 1:27:44]} c6 {[%clk 1:31:12]} 4. f4
{[%clk 1:25:06]} Qa5 {[%clk 1:31:34]} 5. Bd3 {[%clk 1:23:11]} e5 {[%clk 1:31:40]}
6. Nf3 {[%clk 1:20:35]} Nbd7 {[%clk 1:31:28]} 7. h3 {[%clk 1:15:21]} Be7
{[%clk 1:26:13]} 8. Be3 {[%clk 1:12:23]} Qc7 {[%clk 1:26:17]} 9. O-O
{[%clk 1:10:35]} b5 {[%clk 1:23:07]} 10. a3 {[%clk 1:10:30]} a6 {[%clk 1:21:36]}
11. Qe1 {[%clk 1:05:32]} O-O {[%clk 1:11:23]} 12. Rd1 {[%clk 1:03:12]} Re8
{[%clk 1:11:07]} 13. Qf2 {[%clk 0:57:29]} exd4 {[%clk 0:59:58]} 14. Bxd4
{[%clk 0:41:16]} Bb7 {[%clk 0:37:03]} 15. e5 c5 {[%clk 0:29:51]} 16. exf6
{[%clk 0:27:41]} cxd4 {[%clk 0:30:14]} 17. Nxb5 {[%clk 0:27:39]} axb5
{[%clk 0:30:11]} 18. fxe7 {[%clk 0:28:01]} Bxf3 {[%clk 0:20:53]} 19. Qxf3
{[%clk 0:28:20]} Rab8 {[%clk 0:19:18]} 20. Qe4 {[%clk 0:27:27]} Nf6
{[%clk 0:19:33]} 21. Qxd4 {[%clk 0:27:50]} Qxe7 {[%clk 0:15:21]} 22. Rf2
{[%clk 0:27:49]} Qc7 {[%clk 0:12:51]} 23. Rfd2 {[%clk 0:24:17]} Qc6
{[%clk 0:07:21]} 24. c3 {[%clk 0:23:19]} Rbd8 {[%clk 0:04:24]} 25. Bc2
{[%clk 0:22:28]} Re6 {[%clk 0:02:07]} 26. Kh2 {[%clk 0:18:01]} Rde8
{[%clk 0:01:12]} 27. Bd3 {[%clk 0:16:54]} g6 {[%clk 0:00:38]} 28. Rf2
{[%clk 0:13:20]} Nh5 {[%clk 0:00:35]} 29. f5 {[%clk 0:10:26]} Re1
{[%clk 0:00:36]} 30. Rxe1 {[%clk 0:10:01]} Rxe1 {[%clk 0:01:03]} 31. Be2
{[%clk 0:08:16]} d5 {[%clk 0:00:39]} 32. Bxh5 {[%clk 0:07:39]} Qd6+
{[%clk 0:00:39]} 33. Qf4 {[%clk 0:07:35]} Qxf4+ {[%clk 0:01:06]} 34. Rxf4
{[%clk 0:08:00]} gxh5 {[%clk 0:01:33]} 35. Rb4 {[%clk 0:08:20]} Rf1
{[%clk 0:00:51]} 36. Rxb5 {[%clk 0:08:40]} Rxf5 {[%clk 0:01:18]} 37. c4
{[%clk 0:08:07]} Rf4 {[%clk 0:01:19]} 38. cxd5 {[%clk 0:08:31]} Rd4
{[%clk 0:01:40]} 39. b3 {[%clk 0:07:47]} Kf8 {[%clk 0:01:35]} 40. a4
{[%clk 0:37:46]} Ke7 {[%clk 0:31:59]} 41. a5 {[%clk 0:35:26]} Rd2
{[%clk 0:32:21]} 42. b4 {[%clk 0:34:55]} Ra2 {[%clk 0:32:16]} 43. d6+
{[%clk 0:34:05]} Kxd6 {[%clk 0:32:39]} 44. Rxh5 {[%clk 0:34:31]} Ra4
{[%clk 0:32:13]} 45. Rxh7 {[%clk 0:34:52]} Rxb4 {[%clk 0:32:38]} 46. Rxf7
{[%clk 0:35:16]} Ra4 {[%clk 0:33:04]} 47. Rf5 {[%clk 0:34:13]} Ke6
{[%clk 0:33:29]} 48. Rb5 {[%clk 0:34:39]} Kf6 {[%clk 0:32:59]} 49. Kg3
{[%clk 0:34:04]} Ra2 {[%clk 0:31:26]} 50. Kf3 {[%clk 0:33:57]} Kg6
{[%clk 0:31:35]} 51. h4 {[%clk 0:33:24]} Ra3+ {[%clk 0:31:43]} 52. Kg4
{[%clk 0:33:38]} Ra4+ {[%clk 0:32:07]} 53. Kh3 {[%clk 0:34:02]} Ra3+
{[%clk 0:32:09]} 54. g3 {[%clk 0:34:26]} Ra4 {[%clk 0:32:02]} 55. h5+
{[%clk 0:34:08]} Kh6 {[%clk 0:31:57]} 56. g4 {[%clk 0:34:08]} Ra1
{[%clk 0:32:12]} 57. Kh4 {[%clk 0:33:29]} Rh1+ {[%clk 0:32:06]} 58. Kg3
{[%clk 0:33:53]} Rg1+ {[%clk 0:31:57]} 59. Kf4 {[%clk 0:34:16]} Rf1+
{[%clk 0:31:22]} 60. Ke4 {[%clk 0:34:40]} Rg1 {[%clk 0:31:28]} 61. Rb6+
{[%clk 0:34:31]} Kh7 {[%clk 0:31:50]} 62. Kf5 {[%clk 0:34:47]} Ra1
{[%clk 0:31:29]} 63. Rb7+ {[%clk 0:35:10]} 1-0

[Event "40th Individual Greek Women's Championship"]
[Site "?"]
[Date "2018.01.08"]
[Round "7.4"]
[White "Makka, Evanthia"]
[Black "Markantonaki, Haritomeni"]
[Result "1/2-1/2"]
[BlackElo "2190"]
[WhiteElo "2092"]
[LiveChessVersion "1.4.8"]

1. Nf3 {[%clk 1:30:50]} Nf6 {[%clk 1:30:52]} 2. g3 {[%clk 1:31:14]} d5
{[%clk 1:31:07]} 3. Bg2 {[%clk 1:31:36]} c6 {[%clk 1:31:29]} 4. O-O
{[%clk 1:31:32]} Bf5 {[%clk 1:31:35]} 5. d3 {[%clk 1:29:29]} h6 {[%clk 1:31:33]}
6. Nbd2 {[%clk 1:23:46]} e6 {[%clk 1:31:25]} 7. b3 {[%clk 1:03:38]} Be7
{[%clk 1:30:56]} 8. Bb2 {[%clk 1:03:16]} O-O {[%clk 1:30:49]} 9. c4
{[%clk 1:03:19]} a5 {[%clk 1:24:49]} 10. Qc2 {[%clk 1:00:06]} Bh7
{[%clk 1:21:19]} 11. a3 {[%clk 0:58:10]} Nbd7 {[%clk 1:17:43]} 12. Bc3
{[%clk 0:55:49]} Qc7 {[%clk 1:13:30]} 13. Qb2 {[%clk 0:54:46]} Rfd8
{[%clk 1:08:37]} 14. Ne5 {[%clk 0:46:12]} Nxe5 {[%clk 1:01:07]} 15. Bxe5
{[%clk 0:46:34]} Qb6 {[%clk 1:01:31]} 16. cxd5 {[%clk 0:42:33]} exd5
{[%clk 1:01:31]} 17. Rac1 {[%clk 0:42:33]} Rac8 {[%clk 0:54:31]} 18. h3
{[%clk 0:37:23]} Re8 {[%clk 0:51:10]} 19. Nf3 {[%clk 0:35:19]} Rcd8
{[%clk 0:50:07]} 20. Rb1 {[%clk 0:32:01]} c5 {[%clk 0:44:18]} 21. Rfc1
{[%clk 0:31:25]} Qe6 22. Bc3 b6 {[%clk 0:40:19]} 23. Ra1 {[%clk 0:21:44]} d4
{[%clk 0:30:39]} 24. Be1 {[%clk 0:21:26]} Nd5 {[%clk 0:31:02]} 25. Bf1
{[%clk 0:19:46]} Bd6 {[%clk 0:25:52]} 26. Rab1 Bg6 {[%clk 0:22:38]} 27. b4
{[%clk 0:10:56]} axb4 {[%clk 0:22:32]} 28. axb4 {[%clk 0:09:51]} Bh5
{[%clk 0:20:53]} 29. bxc5 {[%clk 0:07:44]} bxc5 {[%clk 0:21:19]} 30. Qa2
{[%clk 0:07:02]} Re7 {[%clk 0:17:27]} 31. Qc4 {[%clk 0:05:36]} Rde8
{[%clk 0:17:22]} 32. Ra1 {[%clk 0:05:09]} g5 {[%clk 0:14:30]} 33. Ra6
{[%clk 0:04:43]} Nc7 {[%clk 0:13:43]} 34. Rb6 {[%clk 0:04:11]} Qxc4
{[%clk 0:09:01]} 35. Rxc4 {[%clk 0:04:35]} Re6 {[%clk 0:08:05]} 36. Kg2
{[%clk 0:03:46]} Nd5 {[%clk 0:07:43]} 37. Ra6 {[%clk 0:03:35]} Rb8
{[%clk 0:07:13]} 38. Rc1 {[%clk 0:03:06]} Rb2 {[%clk 0:06:37]} 39. Rca1
{[%clk 0:02:56]} Kg7 {[%clk 0:02:46]} 40. R6a2 {[%clk 0:31:03]} Rxa2
{[%clk 0:31:45]} 41. Rxa2 {[%clk 0:27:41]} Be7 {[%clk 0:28:28]} 42. Ra5
{[%clk 0:24:04]} Nc3 {[%clk 0:24:18]} 43. g4 {[%clk 0:12:16]} Bg6
{[%clk 0:24:18]} 44. e4 {[%clk 0:08:02]} Rb6 {[%clk 0:20:42]} 45. Bxc3
{[%clk 0:06:22]} dxc3 {[%clk 0:20:11]} 46. Ra3 {[%clk 0:06:47]} c4
{[%clk 0:11:32]} 47. Rxc3 {[%clk 0:06:45]} cxd3 {[%clk 0:11:58]} 48. Bxd3
{[%clk 0:06:29]} Rb2 {[%clk 0:11:53]} 49. Bc2 {[%clk 0:01:38]} Bd8
{[%clk 0:11:19]} 50. Rc6 {[%clk 0:01:29]} f6 {[%clk 0:10:09]} 51. Kg3
{[%clk 0:01:22]} Bb6 {[%clk 0:09:00]} 52. h4 Kf7 {[%clk 0:02:32]} 53. h5
{[%clk 0:00:54]} Bh7 {[%clk 0:03:00]} 54. Nd2 {[%clk 0:00:59]} Kg7
{[%clk 0:02:56]} 55. f3 {[%clk 0:01:11]} Be3 {[%clk 0:02:52]} 56. Rc7+
{[%clk 0:01:07]} Kh8 {[%clk 0:03:05]} 57. Rc8+ {[%clk 0:01:16]} Kg7
{[%clk 0:03:23]} 58. Nb3 {[%clk 0:01:25]} Bf4+ {[%clk 0:03:28]} 59. Kf2
{[%clk 0:01:29]} Bg8 {[%clk 0:03:37]} 60. Nd4 {[%clk 0:01:35]} Be5
{[%clk 0:02:53]} 61. Nf5+ {[%clk 0:01:41]} Kh7 {[%clk 0:03:11]} 62. Ke1
{[%clk 0:01:34]} Be6 {[%clk 0:03:15]} 63. Rc6 {[%clk 0:01:13]} Bd7
{[%clk 0:02:27]} 64. Rc5 {[%clk 0:01:06]} Bxf5 {[%clk 0:02:49]} 65. exf5
{[%clk 0:00:41]} Kg7 {[%clk 0:03:02]} 66. Ke2 {[%clk 0:01:01]} 1/2-1/2

[Event "40th Individual Greek Women's Championship"]
[Site "?"]
[Date "2018.01.08"]
[Round "7.5"]
[White "Vozinaki, Anthi - Maria"]
[Black "Louka, Magdalini"]
[Result "1-0"]
[BlackElo "1792"]
[WhiteElo "1964"]
[LiveChessVersion "1.4.8"]

1. e4 {[%clk 1:30:58]} e5 {[%clk 1:30:55]} 2. Nf3 {[%clk 1:31:19]} d6
{[%clk 1:31:17]} 3. d4 {[%clk 1:31:23]} exd4 {[%clk 1:31:27]} 4. Nxd4
{[%clk 1:31:44]} Nf6 {[%clk 1:31:46]} 5. Nc3 {[%clk 1:32:02]} Be7
{[%clk 1:32:03]} 6. Bc4 {[%clk 1:24:47]} O-O {[%clk 1:32:10]} 7. f3
{[%clk 1:20:23]} c6 {[%clk 1:26:41]} 8. Be3 {[%clk 1:16:43]} b5 {[%clk 1:22:00]}
9. Bd3 {[%clk 0:58:16]} Qc7 {[%clk 1:17:13]} 10. a3 {[%clk 0:56:20]} Re8
{[%clk 1:13:04]} 11. O-O {[%clk 0:54:06]} Bf8 {[%clk 1:11:25]} 12. Kh1
{[%clk 0:49:26]} a6 {[%clk 1:05:02]} 13. Bg5 Nbd7 {[%clk 0:49:20]} 14. Nf5
{[%clk 0:43:29]} c5 {[%clk 0:42:45]} 15. Qd2 {[%clk 0:39:58]} Bb7
{[%clk 0:39:53]} 16. Qf4 c4 {[%clk 0:30:10]} 17. Be2 {[%clk 0:32:05]} Ne5
{[%clk 0:27:04]} 18. Bxf6 {[%clk 0:23:30]} gxf6 {[%clk 0:27:05]} 19. Rad1
{[%clk 0:22:51]} Ng6 {[%clk 0:23:16]} 20. Qg3 {[%clk 0:21:29]} Rad8
{[%clk 0:23:18]} 21. Nd5 {[%clk 0:18:46]} Bxd5 {[%clk 0:23:19]} 22. Rxd5
{[%clk 0:19:11]} Re5 {[%clk 0:23:10]} 23. Rfd1 {[%clk 0:16:04]} Kh8
{[%clk 0:22:04]} 24. R5d4 {[%clk 0:14:05]} Qc6 {[%clk 0:20:55]} 25. Ne3
{[%clk 0:13:25]} Rg5 {[%clk 0:17:00]} 26. Qf2 {[%clk 0:12:27]} Nf4
{[%clk 0:16:25]} 27. g3 {[%clk 0:11:20]} Ne6 {[%clk 0:16:27]} 28. R4d2
{[%clk 0:09:59]} Nc5 {[%clk 0:13:40]} 29. Nd5 {[%clk 0:05:14]} Rg6
{[%clk 0:06:52]} 30. Qd4 {[%clk 0:04:21]} Ne6 {[%clk 0:06:09]} 31. Qc3
{[%clk 0:03:49]} Bh6 {[%clk 0:01:51]} 32. f4 {[%clk 0:03:37]} Qb7
{[%clk 0:01:37]} 33. Bf3 {[%clk 0:03:10]} Nc5 {[%clk 0:01:27]} 34. Qd4
{[%clk 0:01:47]} Nd7 {[%clk 0:00:58]} 35. Rf2 {[%clk 0:00:59]} Rgg8
{[%clk 0:00:44]} 36. Bh5 {[%clk 0:00:39]} Bg7 {[%clk 0:00:48]} 37. f5
{[%clk 0:00:34]} Ne5 {[%clk 0:01:01]} 38. Rf4 {[%clk 0:00:35]} Bh6
{[%clk 0:00:38]} 39. Nxf6 {[%clk 0:00:33]} Bxf4 {[%clk 0:00:51]} 40. gxf4
{[%clk 0:30:32]} Rgf8 {[%clk 0:30:34]} 41. fxe5 {[%clk 0:29:57]} dxe5
{[%clk 0:29:20]} 42. Qxd8 {[%clk 0:27:01]} Rxd8 {[%clk 0:29:45]} 43. Rxd8+
{[%clk 0:27:27]} Kg7 {[%clk 0:30:10]} 44. Rd7 {[%clk 0:27:35]} Qc6
{[%clk 0:28:54]} 45. Rxf7+ {[%clk 0:27:53]} Kh6 {[%clk 0:29:07]} 46. h4
{[%clk 0:28:07]} 1-0